| 000 | 00977nam#a22003975a#4500 | ||
|---|---|---|---|
| 001 | 2622 | ||
| 245 | 1 | 0 |
_aLengua y Literatura 8 / _cPaola Pereira. |
| 250 | _a1ª ed. | ||
| 260 |
_aBuenos Aires : _bKapelusz, _c2015. |
||
| 300 |
_a240 p. : _bil. col. ; _c27 cm. |
||
| 020 | _a9789501311754 | ||
| 100 | 1 | _aPereira,Paola. | |
| 700 | 1 |
_aTodero, Patricia Fernanda. _4aut |
|
| 700 | 1 |
_aSosa, Catalina. _4aut |
|
| 080 | _a8:373.5 | ||
| 084 | _aP45 | ||
| 653 | _aLengua | ||
| 653 | _aLiteratura | ||
| 653 | _aOralidad | ||
| 653 | _aDiscursos | ||
| 653 | _aGramática | ||
| 653 | _aEsquema de la comunicación | ||
| 653 | _aCuentos realistas | ||
| 653 | _aFicción | ||
| 653 | _aCohesión | ||
| 653 | _aGraffitti | ||
| 653 | _aDenotación | ||
| 653 | _aConnotación | ||
| 653 | _aVerbos | ||
| 653 | _aTeatro | ||
| 040 |
_aAR-ClEAG _cAR-ClEAG |
||
| 008 | 160224s2015####ag#a###j######001#0#spa#d | ||
| 005 | 20241107184751.0 | ||
| 003 | AR-ClEAG | ||
| 942 | _cBK | ||
| 999 |
_c2622 _d2622 |
||
| 980 |
_62 _aEvangelina Gallicchio _82 _gEvangelina Gallicchio |
||